Introduction to counseling and guidance / (Record no. 19644)

MARC details
000 -LEADER
fixed length control field 00543nam a22001937a 4500
003 - CONTROL NUMBER IDENTIFIER
control field OSt
008 - FIXED-LENGTH DATA ELEMENTS--GENERAL INFORMATION
fixed length control field 230523b2015 |||||||| |||| 00| 0 eng d
020 ## - INTERNATIONAL STANDARD BOOK NUMBER
International Standard Book Number 9789332551831
082 ## - DEWEY DECIMAL CLASSIFICATION NUMBER
Classification number 158.3
Item number GIB-I
100 ## - MAIN ENTRY--PERSONAL NAME
Personal name Gibson, Robert L.
245 ## - TITLE STATEMENT
Title Introduction to counseling and guidance /
Statement of responsibility, etc Robert L. Gibson and Marianne H. Mitchell
250 ## - EDITION STATEMENT
Edition statement 7th ed.
260 ## - PUBLICATION, DISTRIBUTION, ETC. (IMPRINT)
Place of publication, distribution, etc Noida :
Name of publisher, distributor, etc Pearson,
Date of publication, distribution, etc 2015.
300 ## - PHYSICAL DESCRIPTION
Extent / Pages xviii, 523 p. ;
650 ## - SUBJECT ADDED ENTRY--TOPICAL TERM
Topical term or geographic name as entry element Counseling
650 ## - SUBJECT ADDED ENTRY--TOPICAL TERM
Topical term or geographic name as entry element Counseling psychology
700 ## - ADDED ENTRY--PERSONAL NAME
Personal name Mkitchell, Marianne H.
942 ## - ADDED ENTRY ELEMENTS (KOHA)
Source of classification or shelving scheme
Koha item type Books
Holdings
Withdrawn status Lost status Source of classification or shelving scheme Damaged status Not for loan Home library Current library Date acquired Source of acquisition Currency Cost, normal purchase price Full call number Barcode Date last seen Copy number Bill Date Koha item type Bill Number
          SOBD Library SOBD Library 23/05/2023 Vedi Books INR 680.00 158.3 GIB-I1 004271 23/05/2023 1 18/04/2023 Reference Books VEDI/23-24/04/12
          SOBD Library SOBD Library 23/05/2023 Vedi Books INR 680.00 158.3 GIB-I2 004272 23/05/2023 2 18/04/2023 Books VEDI/23-24/04/12
          SOBD Library SOBD Library 23/05/2023 Vedi Books INR 680.00 158.3 GIB-I3 004273 23/05/2023 3 18/04/2023 Books VEDI/23-24/04/12
          SOBD Library SOBD Library 23/05/2023 Vedi Books INR 680.00 158.3 GIB-I4 004274 23/05/2023 4 18/04/2023 Books VEDI/23-24/04/12
          SOBD Library SOBD Library 23/05/2023 Vedi Books INR 680.00 158.3 GIB-I5 004275 23/05/2023 5 18/04/2023 Books VEDI/23-24/04/12
          SOBD Library SOBD Library 23/05/2023 Vedi Books INR 680.00 158.3 GIB-I6 004276 23/05/2023 6 18/04/2023 Books VEDI/23-24/04/12
Hosted, Implemented, Customized & Maintained by: BestBookBuddies

Powered by Koha